000 00519nam a2200193Ia 4500
005 20250508150937.0
008 008 250505s9999 xx 000 0 eng d
037 _aTextual
040 _aFEDL
_beng
_cFEDL
041 _aeng
_2eng
084 _a330.954, MAS
_qFEDL
100 _aMasani Minoo
245 0 _aPicture of a plan
260 _aGeoffrey Cumberlege
_bOxford University Press
_c1945
300 _a63p.
650 _aEconomics
942 _cTEXL
_h330.954, MAS
999 _c1326631
_d1326631